Mathematical Modeling of Physical System : (Record no. 593178)

000 -LEADER
fixed length control field 00732nam a22001457a 4500
003 - CONTROL NUMBER IDENTIFIER
control field NUST
020 ## - INTERNATIONAL STANDARD BOOK NUMBER
International Standard Book Number 0-19-515314-6
082 ## - DEWEY DECIMAL CLASSIFICATION NUMBER
Classification number 519.2,BAS
100 ## - MAIN ENTRY--PERSONAL NAME
Personal name Basmadgian, Diran
9 (RLIN) 113883
245 ## - TITLE STATEMENT
Title Mathematical Modeling of Physical System :
Remainder of title An Introduction /
Statement of responsibility, etc. Diran Basmadgian
260 ## - PUBLICATION, DISTRIBUTION, ETC.
Place of publication, distribution, etc. New Yourk
Name of publisher, distributor, etc. Oxford University Press
Date of publication, distribution, etc. 2003
300 ## - PHYSICAL DESCRIPTION
Extent xv,350 p.;
505 ## - FORMATTED CONTENTS NOTE
Formatted contents note Getting Started and Beyond (Page-10, Some Mathematical Tools (Page-31), Geometrical Conceots (Page-88), The Effect of Forces (Page-134), Compartmental Models (Page-179), One-Dimensional Distributed System (Page-227), Some Simple Networks (Page-272), More Mathematical Tools:Dimensional Analysis and Numerical Methods (Page-303).
942 ## - ADDED ENTRY ELEMENTS (KOHA)
Source of classification or shelving scheme
Koha item type Book
Call number prefix 511.8,BAS
Holdings
Withdrawn status Lost status Source of classification or shelving scheme Damaged status Not for loan Permanent Location Current Location Shelving location Date acquired Full call number Barcode Date last seen Price effective from Koha item type Public note
          Military College of Signals (MCS) Military College of Signals (MCS) General Stacks 02/09/2023 519.2,BAS MCS30825 07/31/2023 02/09/2023 Book Almirah No.19, Shelf No.3
© 2023 Central Library, National University of Sciences and Technology. All Rights Reserved.